01213 2200373 4500001002100000005001500021035002000036007000300056008004100059020002200100040002200122082001400144084001600158090002000174090002200194100003300216245015000249250003100399300007600430650001400506650001500520700002900535700003400564850001200598504002500610264004600635264001200681336002100693337003000714338002300744999002200767500002800789990002200817INLIS00000000085839820210408094119 a0010-0421000303ta210316t2020 yoia g ind d a978-602-6215-98-7 aYOPDYOGbinderda04223a571.5 a571.5 IKA h aDEP 571.5 IKA h aCB-D.11 2020-18650 aIka Fidianingsihepenyunting10aHistologi kedokteran 3 :bhistologi sistem organ /cpenyusun, Ika Fidianingsih, Evy Sulistyoningrum, Dwi Nur Ahsani; penyunting, Ika Fidianingsih aCetakan pertama, Juli 2020 axiv, 174 halaman :bilustrasi sebagian berwarna, tabel, gambar ;c23 cm 4aHistologi 4aKedokteran0 aDwi Nur Ahsaniepenyusun0 aEvy Sulistyoningrumepenyusun aYOPDYOG aTermasuk bibliografi31aYogyakarta :bUII Press Yogyakarta,c2020 4a© 2020 2rdacontentateks 2rdamediaatanpa perantara 2rdacarrieravolume aCB-D.11/2020-1865 aYang diterima: volume 3 aCB-D.11/2020-1865